Manual de orientación para nuevo personal de LACSA en Costa Rica
Na minha lista:
| Autor principal: | |
|---|---|
| Outros Autores: | |
| Formato: | Livro |
| Publicado em: |
San José, Costa Rica
1988
|
| Assuntos: | |
| Tags: |
Adicionar Tag
Sem tags, seja o primeiro a adicionar uma tag!
|
MARC
| LEADER | 00000nam a2200000Ia 4500 | ||
|---|---|---|---|
| 003 | 007266 | ||
| 005 | 20221231144309.0 | ||
| 008 | 140114s1988 cr a m 000|||s d | ||
| 040 | |c cru CEDI | ||
| 090 | |a TFG 3001 | ||
| 100 | |a Obando Piedra, Sandra |9 11678 | ||
| 245 | |a Manual de orientación para nuevo personal de LACSA en Costa Rica | ||
| 260 | |c 1988 |a San José, Costa Rica | ||
| 300 | |a [34] hojas ; 27 cm | ||
| 500 | |a Proyecto de graduacion (licenciatura en ingeniería industrial)-- Universidad de Costa Rica. Facultad de Ingeniería. Escuela de Ingeniería Industrial | ||
| 650 | |z LACSA C.R. |9 11680 | ||
| 700 | |9 11679 |a Ramírez Ruíz, Isabel C. | ||
| 942 | |c TFG | ||
| 999 | |c 19754 |d 19754 | ||
